[Event "Brasov GP RO"]
[Site "Brasov"]
[Date "2023.07.16"]
[Round "1"]
[White "Imreh, Tibor"]
[Black "Toma, Radu Cristian"]
[Result "0-1"]
[WhiteElo "1575"]
[BlackElo "2401"]
[PlyCount "64"]
[EventDate "2023.07.16"]
[EventType "swiss"]
[EventRounds "9"]
[EventCountry "ROU"]
[SourceTitle "CBM 215 Extra"]
[Source "ChessBase"]
[SourceDate "2023.09.30"]
[SourceVersion "1"]
[SourceVersionDate "2023.09.30"]
[SourceQuality "1"]

1. d4 Nf6 2. Bf4 c5 3. e3 Qb6 4. Nc3 d6 5. Bb5+ Bd7 6. Qd3 Nc6 7. dxc5 Qxc5 8. a3 a6 9. Bc4 Ne5 10. Bxe5 dxe5 11. Nf3 Rc8 12. Bb3 e6 13. Ne4 Nxe4 14. Qxe4 Qa5+ 15. Nd2 Bc6 16. Qg4 h5 17. Qg5 Rh6 18. 0-0-0 Qc7 19. e4 b5 20. Rhe1 a5 21. Re2 a4 22. Ba2 Rg6 23. Qe3 Rxg2 24. f3 Bc5 25. Qxc5 Rxe2 26. c3 Bd7 27. Qg1 Kf8 28. Qg5 b4 29. axb4 a3 30. c4 axb2+ 31. Kxb2 Qd6 32. b5 f6 0-1